MARC

LEADER 00000nas a2200000 i 4500
001 ssj0001637796
003 WaSeSS
005 20200512172242.0
006 m d
007 cr n
008 141007c20159999enkar s 0 a0eng
010 |a  2014203146 
015 |a GBB710390  |2 bnb 
016 7 |a 017732845  |2 Uk 
022 |a 2375-2696 
035 |a (WaSeSS)ssj0001637796 
040 |a DLC  |b eng  |e pn  |c DLC  |d DLC  |d VT2  |d CUI  |d OCLCO  |d OCLCA  |d OCLCF  |d OCL  |d Z5A  |d OCLCO  |d DLC  |d WY@  |d OCLCO  |d OCLCA  |d U3W  |d OCLCO  |d CRU  |d AU@  |d OCLCO  |d WYU  |d OCLCO  |d OCLCA  |d UKMGB  |d AUD  |d OCLCO  |d DLC  |d CNTRU  |d OCLCO  |d COO  |d OCLCO  |d UAB  |d DLC  |d OCLCA  |d WaSeSS 
042 |a pcc  |a nsdp 
050 0 0 |a LB2331 
082 1 0 |a 378  |2 23 
222 0 |a Higher education pedagogies 
245 0 0 |a Higher education pedagogies  |h [electronic resource]. 
260 |a [Abingdon, UK] :  |b Routledge, [Taylor & Francis] 
310 |a Annual 
362 1 |a Began with: Volume 1, Issue 1 (2016) 
506 |a License restrictions may limit access. 
588 |a Description based on: Volume 1, Issue 1 (2016); title from caption (tandfonline.com viewed May 23, 2016). 
588 |a Latest issue consulted: Volume 4, issue 1 (2019); (Taylor & Francis Online viewed April 8, 2019). 
650 0 |a College teaching  |v Periodicals. 
650 0 |a Education, Higher  |v Periodicals. 
650 7 |a Education, Higher.  |2 fast  |0 (OCoLC)fst00903005 
650 7 |a College teaching.  |2 fast  |0 (OCoLC)fst00868201 
650 2 |a Teaching. 
655 0 |a Electronic journals. 
710 2 |a Higher Education Academy (Great Britain) 
780 0 4 |t Innovations in teaching and learning in information and computer sciences  |x 1473-7507  |w (DLC) 2004210797  |w (OCoLC)55696523 
780 0 4 |t Enhancing learning in the social sciences  |x 1756-848X  |w (DLC) 2012256075  |w (OCoLC)780386689 
780 0 4 |t Bioscience education e-journal  |x 1479-7860  |w (DLC) 2004260013  |w (OCoLC)54314670 
780 0 4 |t Engineering education  |x 1750-0052  |w (DLC) 2008263468  |w (OCoLC)173191007 
780 0 4 |t Planet (Plymouth : Online)  |x 1758-3608  |w (DLC) 2019204556  |w (OCoLC)980847603 
780 0 4 |t Journal for education in the built environment (Online)  |x 1747-4205  |w (DLC) 2019204554  |w (OCoLC)244295585 
780 0 4 |t Health and social care education  |x 2051-0888  |w (DLC) 2019204555  |w (OCoLC)880368008 
780 0 4 |t Business & management education in HE  |x 2052-3963  |w (DLC) 2019204530  |w (OCoLC)880367920 
850 |a DLC 
856 4 0 |z Full text available from Research Library: 12/01/2016 to 12/31/2017  |u https://search.proquest.com/publication/3933162 
856 4 0 |z Full text available from Research Library: 01/01/2019 to present  |u https://search.proquest.com/publication/3933162